Every DBD perks By icon (Dracula Updated) - Statistics

General Stats
  • This quiz has been taken 380 times
  • The average score is 92 of 270
Answer Stats
Picture Answer % Correct
Hope
79%
Bamboozle
78%
Pop Goes the Weasel
78%
Balanced Landing
76%
Borrowed Time
76%
Empathy
76%
Play With Your Food
76%
Self-Care
76%
I'm All Ears
75%
Head On
74%
Blood Warden
72%
Enduring
72%
No Way Out
72%
Insidious
71%
Iron Maiden
68%
Spine Chill
68%
Bond
67%
Coup de Grâce
67%
Hex: Plaything
67%
Left Behind
67%
Blast Mine
65%
Hex: Huntress Lullaby
65%
Resilience
65%
Slippery Meat
65%
This Is Not Happening
65%
Deerstalker
64%
Fixated
64%
Gearhead
64%
Shadowborn
64%
Boon: Circle of Healing
63%
Mettle of Man
63%
Rancor
63%
Hex: Ruin
62%
Monitor & Abuse
62%
Diversion
61%
Lethal Pursuer
61%
No One Left Behind
61%
We'll Make It
61%
Make Your Choice
59%
Autodidact
58%
Dead Man’s Switch
58%
Eruption
58%
Flip-Flop
58%
Iron Will
58%
Merciless Storm
58%
Grim Embrace
57%
Hex: Devour Hope
57%
Quick & Quiet
57%
Smash Hit
56%
Urban Evasion
56%
Dying Light
55%
Overcome
55%
Streetwise
55%
Champion of Light
54%
Franklin's Demise
54%
Hex: Retribution
54%
Hyperfocus
54%
Hysteria
54%
Knock Out
54%
Nemesis
54%
Barbecue & Chili
53%
Bloodhound
53%
Built to Last
53%
Detective's Hunch
53%
Background Player
52%
Boon: Dark Theory
52%
Hex: Two Can Play
52%
Scene Partner
52%
Windows of Opportunity
52%
Agitation
51%
Hubris
51%
Surveillance
51%
Machine Learning
50%
Bite the Bullet
49%
Call of Brine
49%
Chemical Trap
49%
Save the Best for Last
49%
Stridor
49%
Hex: Thrill of the Hunt
48%
Infectious Fright
48%
Lucky Star
48%
Spirit Fury
48%
Boon: Exponential
47%
Eyes of Belmont
47%
Flashbang
47%
Mindbreaker
47%
Small Game
47%
Batteries Included
46%
Mirrored Illusion
46%
Predator
46%
Stake Out
46%
Unrelenting
46%
Ace in the Hole
45%
Breakdown
45%
Finesse
45%
Hex: Blood Favor
45%
Reassurance
44%
Second Wind
44%
Adrenaline
43%
Coulrophobia
43%
Invocation: Weaving Spiders
43%
Pharmacy
43%
Spies from the Shadows
43%
Superior Anatomy
43%
Appraisal
42%
Furtive Chase
42%
Parental Guidance
41%
Ultimate Weapon
41%
Distortion
40%
Forced Penance
40%
Prove Thyself
40%
Remember Me
40%
Scavenger
40%
Surge
40%
Wicked
40%
Desperate Measures
39%
Reactive Healing
39%
Rookie Spirit
39%
Scourge Hook: Monstrous Shrine
39%
Shattered Hope
39%
Beast of Prey
38%
Bitter Murmur
38%
Dance With Me
38%
Deja Vu
38%
Territorial Imperative
38%
Dragon's Grip
37%
Blood Rush
36%
Dead Hard
36%
Dark Devotion
35%
Vigil
35%
Visionary
35%
Calm Spirit
34%
Exultation
34%
Forced Hesitation
34%
Saboteur
34%
Bardic Inspiration
33%
Dark Arrogance
33%
Solidarity
33%
Alien Instinct
32%
Deception
32%
Leverage
32%
We're Gonna Live Forever
32%
Moment of Glory
31%
Quick Gambit
30%
Counterforce
29%
Friendly Competition
29%
Iron Grasp
29%
Made for This
29%
Sloppy Butcher
29%
Thrilling Tremors
29%
Dark Sense
28%
Unbreakable
28%
A Nurse's Calling
27%
Brutal Strength
27%
Dominance
27%
Power Struggle
27%
Thanatophobia
27%
Corrupt Intervention
26%
Cut Loose
26%
Scourge Hook: Floods of Rage
26%
Boil Over
23%
Boon: Shadow Step
23%
Breakout
23%
Darkness Revealed
23%
Decisive Strike
23%
Open-Handed
23%
Repressed Alliance
23%
Alert
22%
Fast Track
22%
Off the Record
22%
Overwhelming Presence
22%
Up the Ante
22%
Babysitter
21%
Deadline
21%
Poised
21%
Rapid Brutality
21%
Sprint Burst
21%
Strength in Shadows
21%
Troubleshooter
21%
Blood Pact
20%
Fire Up
20%
Hardened
20%
Inner Strength
20%
Botany Knowledge
19%
Aftercare
18%
Any Means Necessary
18%
Overcharge
18%
Undone
18%
Zanshin Tactics
18%
Buckle Up
17%
Hex: No One Escapes Death
17%
Nowhere to Hide
17%
Terminus
17%
Hex: Haunted Ground
16%
Leader
16%
Lightweight
16%
Lithe
16%
Scourge Hook: Pain Resonance
16%
Blood Echo
15%
Hex: Crowd Control
15%
Lightborn
15%
Lucky Break
15%
Tinkerer
15%
Camaraderie
14%
Overzealous
14%
Premonition
14%
Scourge Hook: Hangman's Trick
14%
Distressing
13%
Dramaturgy
13%
Kindred
13%
Plunderer's Instinct
13%
Discordance
12%
Low Profile
12%
Red Herring
12%
Sole Survivor
12%
Still Sight
12%
Deliverance
11%
Hex: The Third Seal
11%
Hex: Undying
11%
No Mither
11%
Oppression
11%
Plot Twist
11%
Potential Energy
11%
Starstruck
11%
Technician
11%
Dissolution
10%
Fogwise
10%
For the People
10%
Friends ‘Til the End
10%
Better Than New
9%
Cruel Limits
9%
Deathbound
9%
Septic Touch
9%
Trail of Torment
9%
Wiretap
9%
Self-Preservation
8%
Teamwork: Power of Two
8%
THWACK!
8%
Whispers
8%
Clairvoyance
7%
Deadlock
7%
Genetic Limits
7%
Hex: Pentimento
7%
Hoarder
7%
Mad Grit
7%
Object of Obsession
7%
Scourge Hook: Gift of Pain
7%
Soul Guard
7%
Specialist
7%
Unforeseen
7%
Unnerving Presence
7%
Wake Up!
7%
Hex: Wretched Fate
6%
Awakened Awareness
5%
Corrective Action
5%
Light-footed
5%
Resurgence
5%
Weave Attunement
5%
Better Together
4%
Boon: Illumination
4%
Game Afoot
4%
Hex: Face the Darkness
4%
Languid Touch
4%
Residual Manifest
4%
Teamwork: Collective Stealth
4%
Tenacity
4%
Unbound
4%
Empathic Connection
2%
Human Greed
2%
Inner Focus
2%
No matching quizzes found
Score Distribution
Percent of People with Each Score
Percentile by Number Answered
Your Score History
You have not taken this quiz